<?xml version="1.0" encoding="UTF-8"?>
<record
    xmlns:xsi="http://www.w3.org/2001/XMLSchema-instance"
    xsi:schemaLocation="http://www.loc.gov/MARC21/slim http://www.loc.gov/standards/marcxml/schema/MARC21slim.xsd"
    xmlns="http://www.loc.gov/MARC21/slim">

  <leader>01640nam a2200289Ia 4500</leader>
  <controlfield tag="003">OSt</controlfield>
  <controlfield tag="005">20241023161857.0</controlfield>
  <controlfield tag="008">200830s9999||||xx |||||||||||||| ||und||</controlfield>
  <datafield tag="020" ind1=" " ind2=" ">
    <subfield code="a">7516107093</subfield>
  </datafield>
  <datafield tag="020" ind1=" " ind2=" ">
    <subfield code="a">9787516107096</subfield>
  </datafield>
  <datafield tag="040" ind1=" " ind2=" ">
    <subfield code="c">0</subfield>
  </datafield>
  <datafield tag="041" ind1=" " ind2=" ">
    <subfield code="a">chi</subfield>
    <subfield code="h">eng</subfield>
  </datafield>
  <datafield tag="050" ind1=" " ind2=" ">
    <subfield code="a">BL245</subfield>
    <subfield code="b">.P45122 2012 </subfield>
  </datafield>
  <datafield tag="100" ind1=" " ind2=" ">
    <subfield code="a">Pelikan, Jaroslav </subfield>
  </datafield>
  <datafield tag="245" ind1=" " ind2="0">
    <subfield code="a">&#x57FA;&#x7763;&#x6559;&#x4E0E;&#x53E4;&#x5178;&#x6587;&#x5316;: </subfield>
    <subfield code="b">&#x57FA;&#x7763;&#x6559;&#x4E0E;&#x5E0C;&#x814A;&#x4E3B;&#x4E49;&#x76F8;&#x9047;&#x4E2D;&#x81EA;&#x7136;&#x795E;&#x5B66;&#x7684;&#x8F6C;&#x5316; = the metamorphosis of natural theology in the Christian encounter with Hellenism /</subfield>
    <subfield code="c">&#x8036;&#x7F57;&#x65AF;&#x62C9;&#x592B;. &#x5E15;&#x5229;&#x574E; (Jaroslav Pelikan) &#x8457;; &#x77F3;&#x654F;&#x654F;&#x8BD1;</subfield>
  </datafield>
  <datafield tag="246" ind1=" " ind2=" ">
    <subfield code="a">&#x57FA;&#x7763;&#x6559;&#x8207;&#x53E4;&#x5178;&#x6587;&#x5316; :</subfield>
    <subfield code="b">&#x57FA;&#x7763;&#x6559;&#x8207;&#x5E0C;&#x81D8;&#x4E3B;&#x7FA9;&#x76F8;&#x9047;&#x4E2D;&#x81EA;&#x7136;&#x795E;&#x5B78;&#x7684;&#x8F49;&#x5316;/ </subfield>
  </datafield>
  <datafield tag="260" ind1=" " ind2=" ">
    <subfield code="a">&#x5317;&#x4EAC;:</subfield>
    <subfield code="b">&#x4E2D;&#x56FD;&#x793E;&#x4F1A;&#x79D1;&#x5B66;&#x51FA;&#x7248;&#x793E;,</subfield>
    <subfield code="c">2012</subfield>
  </datafield>
  <datafield tag="300" ind1=" " ind2=" ">
    <subfield code="a">2, 2, 3, 4, 420 p.</subfield>
    <subfield code="b">;</subfield>
    <subfield code="c">23 cm.</subfield>
  </datafield>
  <datafield tag="500" ind1=" " ind2=" ">
    <subfield code="a">Translation of: the metamorphosis of natural theology in the Christian encounter with Hellenism.</subfield>
  </datafield>
  <datafield tag="505" ind1=" " ind2=" ">
    <subfield code="a">&#x57FA;&#x7763;&#x6559;&#x4E0E;&#x53E4;&#x5178;&#x6587;&#x5316;&#x662F;&#x601D;&#x60F3;&#x53F2;&#x4E0A;&#x7684;&#x4E00;&#x4E2A;&#x6C38;&#x6052;&#x8BDD;&#x9898;&#x3002;&#x57FA;&#x7763;&#x6559;&#x548C;&#x5E0C;&#x814A;&#x54F2;&#x5B66;&#x7684;&#x76F8;&#x9047;&#x5728;4&#x4E16;&#x7EAA;&#x8FBE;&#x5230;&#x4E86;&#x9876;&#x5CF0;&#x3002;&#x8FD9;&#x79CD;&#x76F8;&#x9047;&#x6700;&#x4E3B;&#x8981;&#x4F53;&#x73B0;&#x5728;&#x5DF4;&#x897F;&#x5C14;&#x3001;&#x7EB3;&#x897F;&#x6602;&#x7684;&#x683C;&#x5217;&#x9AD8;&#x5229;&#x3001;&#x5C3C;&#x6492;&#x7684;&#x683C;&#x5217;&#x9AD8;&#x5229;&#x548C;&#x9EA6;&#x514B;&#x7433;&#x5A1C;&#x8FD9;&#x56DB;&#x4F4D;&#x5361;&#x5E15;&#x591A;&#x897F;&#x4E9A;&#x57FA;&#x7763;&#x6559;&#x601D;&#x60F3;&#x5BB6;&#x7684;&#x8457;&#x4F5C;&#x4E2D;&#x3002;&#x4F5C;&#x8005;&#x8003;&#x67E5;&#x4E86;&#x4ED6;&#x4EEC;&#x8457;&#x4F5C;&#x4E2D;&#x57FA;&#x7763;&#x6559;&#x4E0E;&#x5E0C;&#x814A;&#x4E3B;&#x4E49;&#x7684;&#x78B0;&#x649E;&#x4E0E;&#x878D;&#x5408;&#xFF0C;&#x9610;&#x660E;&#x4E86;&#x4ED6;&#x4EEC;&#x5982;&#x4F55;&#x4ECE;&#x57FA;&#x7763;&#x6559;&#x542F;&#x793A;&#x7684;&#x89D2;&#x5EA6;&#x91CD;&#x5851;&#x4E86;&#x53E4;&#x5178;&#x4E16;&#x754C;&#x7684;&#x601D;&#x60F3;&#x4F20;&#x7EDF;&#x3002;

&#x76F8;&#x5173;&#x56FE;&#x4E66;</subfield>
  </datafield>
  <datafield tag="650" ind1=" " ind2=" ">
    <subfield code="a">Cappadocian Fathers.</subfield>
  </datafield>
  <datafield tag="650" ind1=" " ind2=" ">
    <subfield code="a">Macrina, the Younger, Saint, approximately 330-379 or 380.</subfield>
  </datafield>
  <datafield tag="650" ind1=" " ind2=" ">
    <subfield code="a">Natural theology History of doctrines Early church, ca.30-600.</subfield>
  </datafield>
  <datafield tag="700" ind1=" " ind2=" ">
    <subfield code="a">&#x5E15;&#x5229;&#x574E;</subfield>
  </datafield>
  <datafield tag="700" ind1=" " ind2=" ">
    <subfield code="a">&#x77F3;&#x654F;&#x654F;</subfield>
  </datafield>
  <datafield tag="942" ind1=" " ind2=" ">
    <subfield code="2">ddc</subfield>
    <subfield code="c">CB</subfield>
  </datafield>
  <datafield tag="952" ind1=" " ind2=" ">
    <subfield code="0">0</subfield>
    <subfield code="1">0</subfield>
    <subfield code="4">0</subfield>
    <subfield code="7">0</subfield>
    <subfield code="a">GETS</subfield>
    <subfield code="b">GETS</subfield>
    <subfield code="c">GEN</subfield>
    <subfield code="d">2020-07-12</subfield>
    <subfield code="l">1</subfield>
    <subfield code="m">1</subfield>
    <subfield code="o">BL245 .P45122 2012&#xA0;</subfield>
    <subfield code="p">00000526</subfield>
    <subfield code="r">2021-10-30 00:00:00</subfield>
    <subfield code="s">2021-01-13</subfield>
    <subfield code="w">2020-07-12</subfield>
    <subfield code="y">CB</subfield>
  </datafield>
  <datafield tag="952" ind1=" " ind2=" ">
    <subfield code="0">0</subfield>
    <subfield code="1">0</subfield>
    <subfield code="4">0</subfield>
    <subfield code="7">0</subfield>
    <subfield code="a">GETS</subfield>
    <subfield code="b">GETS</subfield>
    <subfield code="c">GEN</subfield>
    <subfield code="d">2020-08-30</subfield>
    <subfield code="l">1</subfield>
    <subfield code="m">2</subfield>
    <subfield code="o">BL245 .P45122 2012&#xA0;</subfield>
    <subfield code="p">00011185</subfield>
    <subfield code="r">2022-12-29 00:00:00</subfield>
    <subfield code="s">2021-01-19</subfield>
    <subfield code="t">c.2</subfield>
    <subfield code="w">2020-08-30</subfield>
    <subfield code="y">CB</subfield>
  </datafield>
  <datafield tag="999" ind1=" " ind2=" ">
    <subfield code="c">573</subfield>
    <subfield code="d">573</subfield>
  </datafield>
</record>
